Online Catalogue and eLibrary

Ananda samprawedhithaya (Record no. 4896)

MARC details
000 -LEADER
fixed length control field 00439nam a2200157Ia 4500
005 - DATE AND TIME OF LATEST TRANSACTION
control field 20250701022516.0
008 - FIXED-LENGTH DATA ELEMENTS--GENERAL INFORMATION
fixed length control field 240331s9999 xx 000 0 und d
020 ## - INTERNATIONAL STANDARD BOOK NUMBER
ISBN 9556100156
082 ## - DDC Classification
Item Number - Author Mark ABH
Class No. 891
100 ## - MAIN ENTRY--PERSONAL NAME
Personal name Abhayasundara,W
245 #0 - TITLE STATEMENT
Title Ananda samprawedhithaya
260 ## - PUBLICATION, DISTRIBUTION, ETC.
Place of publication, distribution, etc. Colombo
Name of publisher, distributor, etc. Government printing compression
Date of publication, distribution, etc. 1990
300 ## - PHYSICAL DESCRIPTION
Extent (e.g. Volumes, Pages etc.) xxxi, 943 p .,
500 ## - GENERAL NOTE
General note A Complete works of Poetry - Ananda Sampraveditaya
942 ## - Koha item type (Biblio)
Koha item type Books in Stacks (Lending)
Holdings
Lost status Damaged status Collection code Home library Current library Shelving location Date acquired Full call number Accession Number Item type
    Lending WERC Library WERC Library Social Science Cupboard 03/31/2024 891.48 ABH 1044 Books in Stacks (Lending)

© WERC Library